00736nam a2200241 a 4500001001300000003000900013005001700022008004100039020001000080082001500090100002600105245007400131260003200205300000800237500003500245505003000280650001200310700002600322902000800348942000700356952011600363999001500479nice12345678IN_TiNIC20260116012947.0050524s0000 bata grp 000 0 urd  ac10000a294.6bNIZ aNizami, Khawaja Hasan aSikh Qaum Aur Is Ke Baani Ki Nisbat Musalmanon Ki Mohabbat Ameez Rai. aBatalabKhawaja Pressc0000 a52p aincludes index and biblioraphy2 aShort Bibliography, Index aSikhism1 aNizami, Khawaja Hasan bSRS cBK 001040708StackRoom-aHMIbHMId2007-07-26g100.00l0o294.6 NIZp010463r2007-07-26v100.00w2005-05-24yBK c9066d9066